Investigations in Alaska railroad belt, 1931, (Record no. 27101)

MARC details
000 -LEADER
fixed length control field 02444cam a22003971 4500
001 - CONTROL NUMBER
control field gs 34000128
003 - CONTROL NUMBER IDENTIFIER
control field DLC
005 - DATE AND TIME OF LATEST TRANSACTION
control field 20260227111338.0
008 - FIXED-LENGTH DATA ELEMENTS--GENERAL INFORMATION
fixed length control field 800625s1933 dcuabf b f001 0 eng
010 ## - LIBRARY OF CONGRESS CONTROL NUMBER
LC control number gs 34000128
035 ## - SYSTEM CONTROL NUMBER
System control number (OCoLC)6459034
040 ## - CATALOGING SOURCE
Original cataloging agency DLC
Transcribing agency ICharE
Modifying agency DLC
043 ## - GEOGRAPHIC AREA CODE
Geographic area code n-us-ak
050 00 - LIBRARY OF CONGRESS CALL NUMBER
Classification number QE75
Item number .B9 no. 849
051 ## - LIBRARY OF CONGRESS COPY, ISSUE, OFFPRINT STATEMENT
Classification number TN24.A4
Item number S56
Copy information Copy 2.
100 1# - MAIN ENTRY--PERSONAL NAME
Personal name Smith, Philip S.
Fuller form of name (Philip Sidney),
Dates associated with a name 1877-1949.
245 10 - TITLE STATEMENT
Title Investigations in Alaska railroad belt, 1931,
Statement of responsibility, etc. by Philip S. Smith and others.
260 ## - PUBLICATION, DISTRIBUTION, ETC.
Place of publication, distribution, etc. Washington,
Name of publisher, distributor, etc. U.S. Govt. Print. Off.,
Date of publication, distribution, etc. 1933.
300 ## - PHYSICAL DESCRIPTION
Extent v, 530 p.
Other physical details incl. illus., maps, plans, tables, diagrs., profiles, 36 pl. (part col., part fold., incl. maps, plans, profiles)
Dimensions 24 cm.
490 0# - SERIES STATEMENT
Series statement U.S. Geological survey. Bulletin 849
500 ## - GENERAL NOTE
General note At head of title: United States Department of the Interior. Harold L. Ickes, Secretary. Geological survey, W.C. Mendenhall, director.
500 ## - GENERAL NOTE
General note Each chapter is issued separately as 849A-849I, with special title-page, table of contents and the general foreword. The general title-page and table of contents was issued at end of 849I. The special title-pages and tables of contents of 849A-849I and the general foreword of 849B-849I are not included in collation.
504 ## - BIBLIOGRAPHY, ETC. NOTE
Bibliography, etc. note Includes bibliographies.
505 0# - FORMATTED CONTENTS NOTE
Formatted contents note Foreword, by P.S. Smith.--Progress of surveys in the anthracite ridge district, by R.W. Richards and G.A. Waring.--Lode deposits of the Fairbanks district, by J.M. Hill.--The Willow creek gold lode district, by J.C. Ray.--The Mount Eielson district, by J.C. Reed.--Mineral deposits near the west fork of the Chulitna river, by C.P. Ross.--Lode deposits of Eureka and vicinity, Kantishna district, by F.G. Wells,--The Girdwood district, by C.F. Park, Jr.--The Valdez creek mining district, by C.P. Ross.--The Moose Pass-Hope district, Kenai peninsula, by Ralph Tuck.
650 #0 - SUBJECT ADDED ENTRY--TOPICAL TERM
Topical term or geographic name entry element Mines and mineral resources
Geographic subdivision Alaska.
650 #0 - SUBJECT ADDED ENTRY--TOPICAL TERM
Topical term or geographic name entry element Ore deposits
Geographic subdivision Alaska.
700 1# - ADDED ENTRY--PERSONAL NAME
Personal name Richards, R. W.
Fuller form of name (Ralph Webster),
Dates associated with a name 1879-
700 1# - ADDED ENTRY--PERSONAL NAME
Personal name Waring, Gerald A.
Fuller form of name (Gerald Ashley),
Dates associated with a name 1883-
700 1# - ADDED ENTRY--PERSONAL NAME
Personal name Hill, James M.
Fuller form of name (James Madison),
Dates associated with a name 1884-
700 1# - ADDED ENTRY--PERSONAL NAME
Personal name Ray, James Chandler,
Dates associated with a name 1882-
700 1# - ADDED ENTRY--PERSONAL NAME
Personal name Reed, John Calvin,
Dates associated with a name 1905-
700 1# - ADDED ENTRY--PERSONAL NAME
Personal name Ross, Clyde P.
Fuller form of name (Clyde Polhemus),
Dates associated with a name 1891-
700 1# - ADDED ENTRY--PERSONAL NAME
Personal name Wells, Francis G.
Fuller form of name (Francis Gerritt),
Dates associated with a name 1898-
700 1# - ADDED ENTRY--PERSONAL NAME
Personal name Park, Charles Frederick,
Dates associated with a name 1903-
700 1# - ADDED ENTRY--PERSONAL NAME
Personal name Tuck, Ralph,
Dates associated with a name 1904-

No items available.

Powered by Koha